<?xml version="1.0" encoding="UTF-8"?>
<collection xmlns="http://www.loc.gov/MARC21/slim">
<record>
  <controlfield tag="001">305440</controlfield>
  <controlfield tag="005">20230204173711.0</controlfield>
  <datafield tag="035" ind1=" " ind2=" ">
    <subfield code="a">G:(GEPRIS)5256504</subfield>
  </datafield>
  <datafield tag="024" ind1="7" ind2=" ">
    <subfield code="a">G:(GEPRIS)5256504</subfield>
    <subfield code="d">5256504</subfield>
  </datafield>
  <datafield tag="040" ind1=" " ind2=" ">
    <subfield code="a">GEPRIS</subfield>
    <subfield code="c">http://gepris.its.kfa-juelich.de</subfield>
  </datafield>
  <datafield tag="150" ind1=" " ind2=" ">
    <subfield code="a">Zentrales Serviceprojekt für Morphologie, insbesondere Elektronenmikroskopie (Z03)</subfield>
    <subfield code="y">2000 - 2012</subfield>
  </datafield>
  <datafield tag="371" ind1=" " ind2=" ">
    <subfield code="a">Professorin Dr. Esther Silke Asan</subfield>
  </datafield>
  <datafield tag="450" ind1=" " ind2=" ">
    <subfield code="a">SFB 581 Z03</subfield>
    <subfield code="w">d</subfield>
    <subfield code="y">2000 - 2012</subfield>
  </datafield>
  <datafield tag="510" ind1="1" ind2=" ">
    <subfield code="a">Deutsche Forschungsgemeinschaft</subfield>
    <subfield code="0">I:(DE-588b)2007744-0</subfield>
    <subfield code="b">DFG</subfield>
  </datafield>
  <datafield tag="550" ind1=" " ind2=" ">
    <subfield code="0">G:(GEPRIS)5484259</subfield>
    <subfield code="a">SFB 581: Molekulare Modelle für Erkrankungen des Nervensystems</subfield>
    <subfield code="w">t</subfield>
  </datafield>
  <datafield tag="680" ind1=" " ind2=" ">
    <subfield code="a">Das zentrale Serviceprojekt unterstützt die Arbeiten in anderen Projekten des SFB bei der Auswahl und Anwendung morphologischer Methoden sowie bei der Bearbeitung spezifischer neuroanatomischer Fragestellungen. Darüber hinaus werden in Zusammenarbeit mit anderen Projekten qualitative und quantitative Analysen der Ultrastruktur sowie Untersuchungen zur zellulären und subzellulären Lokalisation pathogenetisch bedeutsamer Proteine in neuralen Zellen und Geweben verschiedener Tiermodelle durchgeführt.</subfield>
  </datafield>
  <datafield tag="909" ind1="C" ind2="O">
    <subfield code="o">oai:juser.fz-juelich.de:972315</subfield>
    <subfield code="p">authority:GRANT</subfield>
    <subfield code="p">authority</subfield>
  </datafield>
  <datafield tag="980" ind1=" " ind2=" ">
    <subfield code="a">G</subfield>
  </datafield>
  <datafield tag="980" ind1=" " ind2=" ">
    <subfield code="a">AUTHORITY</subfield>
  </datafield>
  <datafield tag="909" ind1="C" ind2="O">
    <subfield code="o">oai:juser.fz-juelich.de:972315</subfield>
  </datafield>
</record>
</collection>